Governance of communicable disease control services: a case study and lessons from India (Record no. 289916)

000 -LEADER
fixed length control field 00557cam a22001457a 4500
008 - FIXED-LENGTH DATA ELEMENTS--GENERAL INFORMATION
fixed length control field 180718b2003 xxu||||| |||| 00| 0 eng d
100 ## - MAIN ENTRY--PERSONAL NAME
Personal name Gupta, Monica Das
245 ## - TITLE STATEMENT
Title Governance of communicable disease control services: a case study and lessons from India
Statement of responsibility, etc. by Monica Das Gupta, Peyvand Khaleghian and Rakesh Sarwal
260 ## - PUBLICATION, DISTRIBUTION, ETC.
Place of publication, distribution, etc. Washington, D.C.
Name of publisher, distributor, etc. World Bank
Date of publication, distribution, etc. 2003
300 ## - PHYSICAL DESCRIPTION
Extent 35p.
440 ## - SERIES STATEMENT/ADDED ENTRY--TITLE
Title Policy research working paper; no. 3100
650 ## - SUBJECT ADDED ENTRY--TOPICAL TERM
Topical term or geographic name entry element Disease management --India --Karnataka
700 ## - ADDED ENTRY--PERSONAL NAME
Personal name Sarwal, Rakesh
700 ## - ADDED ENTRY--PERSONAL NAME
Personal name Khaleghian, Peyvand
Holdings
Withdrawn status Lost status Damaged status Not for loan Permanent Location Current Location Date acquired Barcode Date last seen Price effective from Koha item type
        Indian Institute of Public Administration Indian Institute of Public Administration 2003-12-19 WB9836 2018-07-20 2018-07-20 WB

Powered by Koha